Vhodnost přijetí jednotné měny euro v nových členských státech Evropské unie: aplikace teorie optimálních měnových oblastí

Teória optimálných menových oblastí a index OCA (Optimun currency areas). Výpočet hodnoty indexu OCA pre krajiny EÚ 10.

Guardado en:
Detalles Bibliográficos
Autor principal: Hedija, Veronika
Formato: Capítulo de libro
Lenguaje:checo
Materias:
Etiquetas: Agregar Etiqueta
Sin Etiquetas, Sea el primero en etiquetar este registro!

MARC

LEADER 00000naa a2200000 4500
001 0168458
005 20231208073048.1
041 0 |a cze 
044 |a SK 
245 1 0 |a Vhodnost přijetí jednotné měny euro v nových členských státech Evropské unie: aplikace teorie optimálních měnových oblastí  |c Veronika Hedija 
520 |a Teória optimálných menových oblastí a index OCA (Optimun currency areas). Výpočet hodnoty indexu OCA pre krajiny EÚ 10. 
610 2 0 |a zoskupenia integračné medzinárodné 
610 2 0 |a zóny hospodárske zvláštne 
610 2 0 |a oblasti menové 
610 2 0 |a Európska menová únia 
610 2 0 |a euro 
610 2 0 |a politika menová 
100 1 |a Hedija, Veronika